000 00652nam a2200193Ia 4500
008 151121s9999||||xx |||||||||||||| ||und||
082 _aबा। वि।
082 _bHNW-73779
100 _aपरांजपे सोवनी
245 _aहॅलोचा धुमकेतू
260 _b"पृथ्वी प्रकाशन, सोलापूर।"
260 _c--
300 _a61
600 _aपरांजपे सोवनी
630 _aहॅलोचा धुमकेतू
700 _aपरांजपे सोवनी
730 _aहॅलोचा धुमकेतू
942 _cBOOK
999 _c1255235
_d1255232